000
00349pam a2200157a 44500
008
230515b1989 xxu||||| |||| 00| 0 eng d
020
_a
NULL
041
_a
ENGLISH
082
_a
N.D.
100
_a
Jain P.L.
245
_a
Foundry Patterw
250
_a
0
260
_a
NULL
_b
Tata McGraw Hill Publishing
_c
1989
300
_a
213
650
_a
NULL
999
_c
570734
_d
570734